LEADER 00802nam a2200217 i 4500 001 000000188900 003 CaOOAMICUS 005 20150917000000.0 008 150917s1955 it u000 u eng u 013 $a167136 040 $aSeMil$bita 245 10$aFrom the first sunday of advent to quinquagesima. 300 $a503 p. 500 $aFondo card. Giovanni Colombo. 700 1 $aToal, Martin Francis.$0(OLS)http://semarc/name/15026 773 0 $tPatristic homilies on the gospels.$dCork : The Mercier Press, 1955.$gVolume1$w()32550 850 $aSeMil 852 $aSeMil$W1$xVenegono$y1$m3GC IV 271$j242308$B139537$CSeMilBibl$Z2$F151161 $8B 941 1 $a3 961 $aLascito: Colombo Card. Giovanni 996 $6245$aFrom the first sunday of advent to quinquagesima$9(OLS)http://semarc/title/271938 LEADER 00621naa a2200157 i 4500 001 000000297455 003 CaOOAMICUS 005 20180831172605.0 008 180831n xx u000 u und u 013 $a4980 040 $aSeMil$bita 100 1 $aBressan, Luca,$c.$0(OLS)http://semarc/name/90177 245 13$aUn tentativo di proposta organica. 650 4$aCatechesi.$0(OLS)http://semarc/subject/3693 773 0 $tIntrodurre gli adulti alla fede.$dMilano : Àncora, copyr. 1997.$kStrumenti per il lavoro pastorale$z8876106375$w()59155 996 $6245$aUn tentativo di proposta organica$9(OLS)http://semarc/title/373487